000
00244nam a2200097Ia 4500
001
803875
005
20250826171123.0
008
250824s9999 xx 000 0 und d
245
0
_a
ŞARK IN KANDİLİ
_c
NUREDDİN ZENGİ
260
_b
KETEBE YAYINLARI
999
_c
803875
_d
803875